000 00641nam a22002297a 4500
003 UA-OsUOA
001 63159
007 ta
008 20090918b un ||||| |||| 00| 0 ukr d
100 _aЗемляков Л.
090 _a821.161.1
_bЗ-53
942 _cBK
040 _aUA-OsUOA
_brus
_cUA-OsUOA
_dUA-OsUOA
245 _aЯнтарное ожерелье
300 _a88 с.
955 _a3
041 _arus
080 _a821.161.1
260 _aОдесса
_bОдесское обласное издательство
_c1958
650 7 _a82 Література. Літературознавство
_2UDC
999 _c349248
_d349248